000 01571cam a2200361 a 4500
001 EDZ0000077647
003 StDuBDS
005 20161031105059.0
006 m||||||||d||||||||
007 cr |||||||||||
008 120418s2010 cau fo| 001|0|eng d
020 _a9781452219554 (ebook) :
_cNo price
040 _aStDuBDS
_beng
_cStDuBDS
_epn
049 _aAlfaisal Main Library
050 0 _aLB2806
_b.F788 2010
082 0 4 _a379
_223
100 1 _aFullan, Michael.
245 1 0 _aAll systems go
_h[electronic resource] :
_bthe change imperative for whole system reform /
_cMichael Fullan ; foreword by Peter Senge.
260 _aThousand Oaks, Calif. :
_bCorwin ;
_aLondon :
_bSAGE,
_cc2010.
300 _a1 online resource (xxi, 113 p.)
504 _aIncludes bibliographical references and index.
520 8 _aThis resource lays out an action plan for achieving whole-system reform. It looks at successful reform initiatives in the United States and abroad, actions and conditions which have insured traction and stability, ways to avoid common errors and new reforms at a national level that can impact learning now.
521 _aSpecialized.
588 _aDescription based on print version record.
650 0 _aEducational change.
650 0 _aEducational planning.
650 0 _aSchool improvement programs.
655 7 _aElectronic books.
_2local
710 2 _aSage eBooks
776 0 8 _iPrint version :
_z9781412978736
856 4 0 _uhttp://ezproxy.alfaisal.edu/login?url=http://sk.sagepub.com/books/all-systems-go
942 _2lcc
_cEBOOKS
999 _c478984
_d478984